| 000 | 00664nam a2200229 a 4500 | ||
|---|---|---|---|
| 001 | BRCA_6790 | ||
| 005 | 20190320205606.0 | ||
| 008 | 311011s1830----gw-#######---#000-0#ger-# | ||
| 041 | _ager | ||
| 044 | _agw | ||
| 050 | 4 |
_aPT1891 _b.A58 |
|
| 245 | 1 | 0 |
_aGoethes Werke _cherausgegeben von Karl Alt |
| 260 |
_aBerlĂn _bDeutsches Verlagshaus Beng _c[18--?] |
||
| 300 |
_a8 t. en 20 v. _bil., retratos _c19 cm. |
||
| 440 | 0 |
_aGoldene Klassiker-Bibliothek _916932 |
|
| 500 | _aI148 | ||
| 650 | 1 | 4 |
_aGoethe Johann Wolfgang von _y1749-1832 _916933 |
| 650 | 1 | 4 |
_aLiteratura Alemana _96160 |
| 700 | 1 |
_aAlt, Karl Hermann _eEditor _916934 |
|
| 902 | _aGFM | ||
| 942 |
_2lcc _cB |
||
| 999 |
_c6473 _d6473 |
||